1796 1152 1095 1676 1345 1225 1623 1121 1701 1366 1750 1996 1774 1515 1961 1605 1192 1005 1019 1864 1751 1678 1104 1592 1965 1692 1857 1507 1507 1606 1297 1222 1969 1777 1909 1352 1729 1033 1829 1639 1584 1508 1018 1071 1035 1992 1889 1823 1442 1845 1239 1010 1226 1801 1669 1850 1770 1694 1372 1313 1444 1741 1519 1189 1162 1312 1231 1369 1367 1514 1608 1289 1720 1165 1749 1500 1783 1525 1805 1264 1749 1369 1900 1437 1907 1303 1314 1893 1576 1126 1537 1517 1868 1623 1756 1639 1463 1484 1746 BCNSPRNW ULIB Ver.6.0+V

เปลี่ยนเป็นภาษาไทย

Change to English
 แสดงรายละเอียดบรรณานุกรม
  กลับหน้าหลัก

Brief Record : Get Marc (ISO 2709) : E-mail record : QR code < ปิดหน้าต่าง
LEADER : 00000nam 2200000uu 4500
001    13399122301
003     ULIB
008    130206s2555||||th 000 0 tha d
020    ^a9786161112394 (ล.3)
060 04 ^aWY159^bก492 ล.3
245 00 ^aการพยาบาลเด็ก 3 (ฉบับปรับปรุง) /^cพรทิพย์ ศิริบูรณ์พิพัฒนา, บรรณาธิการ
250    ^aพิมพ์ครั้งที่ 1
260    ^aนนทบุรี :^bโครงการสวัสดิการวิชาการ สถาบันพระบรมราชชนก กระทรวงสาธารณสุข,^c2555
300    ^a448 หน้า :^bภาพประกอบ ;^c26 ซม.
650  4 ^aการพยาบาลกุมารเวชศาสตร์
700 0  ^aพรทิพย์ ศิริบูรณ์พิพัฒนา,^eบรรณาธิการ
710 2  ^aกระทรวงสาธารณสุข
710 2  ^aสถาบันพระบรมราชชนก. ^bโครงการสวัสดิการวิชาการ
945    ^p270^l0^i033479
945    ^p270^l0^i033480
945    ^p270^l0^i033481
945    ^p270^l0^i033482
945    ^p270^l0^i033483
945    ^p270^l0^i033484
945    ^p270^l0^i033485
945    ^p270^l0^i033486
945    ^p270^l0^i033487
945    ^p270^l0^i033488
945    ^p270^l0^i033799
945    ^p270^l0^i033800
945    ^p270^l0^i033801
995    ^aเกษร
999    ^aใช้งานได้ทุกระบบ
รายการนี้ยังไม่มีแท็ก
คุณยังไม่ได้ล็อกอิน คุณสามารถมีกิจกรรมร่วมกับเว็บไซต์ได้ แต่ต้องล็อกอินก่อน ::
  ล็อกอิน

รายการสื่อสารสนเทศ

ลำดับที่ ประเภท เลขเรียก/บาร์โค้ด สถานที่ สถานะ
1. Book การพยาบาล
หนังสือสำรอง
สถานะ=หนังสือสำรอง
WY159 ก492 ล.3 ฉ.1 
  Barcode: 033479
ห้องสมุดวิทยาเขตสวรรค์ประชารักษ์
►ส่วนจัดเก็บหนังสือเก่า สปร
บนชั้น
  ขอยืม
2. Book การพยาบาล
Book การพยาบาล
WY159 ก492 ล.3 ฉ.10 
  Barcode: 033488
ห้องสมุดวิทยาเขตสวรรค์ประชารักษ์
►หนังสือทั่วไป
บนชั้น
3. Book การพยาบาล
Book การพยาบาล
WY159 ก492 ล.3 ฉ.11 
  Barcode: 033799
ห้องสมุดวิทยาเขตสวรรค์ประชารักษ์
►ส่วนจัดเก็บหนังสือเก่า สปร
บนชั้น
  ขอยืม
4. Book การพยาบาล
Book การพยาบาล
WY159 ก492 ล.3 ฉ.12 
  Barcode: 033800
ห้องสมุดวิทยาเขตสวรรค์ประชารักษ์
►ส่วนจัดเก็บหนังสือเก่า สปร
บนชั้น
  ขอยืม
5. Book การพยาบาล
Book การพยาบาล
WY159 ก492 ล.3 ฉ.13 
  Barcode: 033801
ห้องสมุดวิทยาเขตสวรรค์ประชารักษ์
►ส่วนจัดเก็บหนังสือเก่า สปร
บนชั้น
  ขอยืม
6. Book การพยาบาล
Book การพยาบาล
WY159 ก492 ล.3 ฉ.2 
  Barcode: 033480
ห้องสมุดวิทยาเขตสวรรค์ประชารักษ์
►ส่วนจัดเก็บหนังสือเก่า สปร
บนชั้น
  ขอยืม
7. Book การพยาบาล
Book การพยาบาล
WY159 ก492 ล.3 ฉ.3 
  Barcode: 033481
ห้องสมุดวิทยาเขตสวรรค์ประชารักษ์
►ส่วนจัดเก็บหนังสือเก่า สปร
บนชั้น
  ขอยืม
8. Book การพยาบาล
Book การพยาบาล
WY159 ก492 ล.3 ฉ.4 
  Barcode: 033482
ห้องสมุดวิทยาเขตสวรรค์ประชารักษ์
►ส่วนจัดเก็บหนังสือเก่า สปร
บนชั้น
  ขอยืม
9. Book การพยาบาล
Book การพยาบาล
WY159 ก492 ล.3 ฉ.5 
  Barcode: 033483
ห้องสมุดวิทยาเขตสวรรค์ประชารักษ์
►ส่วนจัดเก็บหนังสือเก่า สปร
บนชั้น
  ขอยืม
10. Book การพยาบาล
Book การพยาบาล
WY159 ก492 ล.3 ฉ.6 
  Barcode: 033484
ห้องสมุดวิทยาเขตสวรรค์ประชารักษ์
►ส่วนจัดเก็บหนังสือเก่า สปร
บนชั้น
  ขอยืม
11. Book การพยาบาล
Book การพยาบาล
WY159 ก492 ล.3 ฉ.7 
  Barcode: 033485
ห้องสมุดวิทยาเขตสวรรค์ประชารักษ์
►ส่วนจัดเก็บหนังสือเก่า สปร
บนชั้น
  ขอยืม
12. Book การพยาบาล
Book การพยาบาล
สถานะ=หนังสือเก่า
WY159 ก492 ล.3 ฉ.8 
  Barcode: 033486
ห้องสมุดวิทยาเขตสวรรค์ประชารักษ์
►ส่วนจัดเก็บหนังสือเก่า สปร
บนชั้น
  ขอยืม
13. Book การพยาบาล
Book การพยาบาล
WY159 ก492 ล.3 ฉ.9 
  Barcode: 033487
ห้องสมุดวิทยาเขตสวรรค์ประชารักษ์
►ส่วนจัดเก็บหนังสือเก่า สปร
บนชั้น
  ขอยืม

รายการใกล้เคียง
    หัวเรื่อง [การพยาบาลกุมารเวชศาสตร์]

BibComment


ยังไม่เคยถูกคอมเมนท์

คอมเมนท์ทรัพยากรรายการนี้
  คอมเมนท์: การพยาบาลเด็ก 3 ..


 Copyright 2026. Bcnsprnw @Library